| 000 | 01112nam a2200277Ia 4500 | ||
|---|---|---|---|
| 003 | OSt | ||
| 005 | 20220923211244.0 | ||
| 006 | a|||||r|||| 00| 0 | ||
| 007 | ta | ||
| 008 | 220922b |||||||| |||| 00| 0 san d | ||
| 020 |
_a9788177024463 (hbk) _c2995 |
||
| 024 | _a353,089 | ||
| 037 |
_b264, 12/12/2019, Vidyanidhi Prakashan _cTextual |
||
| 040 |
_aARTS _cARTS _bsan |
||
| 041 |
_2san _asan |
||
| 082 | _aQ4, 152Q9 | ||
| 100 |
_aझा, सुरेन्द्र, ले. _9160065 |
||
| 245 | 0 |
_aबौद्ध शैव और शाक्त - तन्त्र _b समन्वयात्मक संश्लेषण |
|
| 246 | _aBauddha shaiv aur shākta - tantra: sahinvayātmak sanshleṣhaṇa: ek anajān siddhapīṭh malūṭī | ||
| 260 |
_aदिल्ली _b प्रतिभा प्रकाशन _c2019 |
||
| 300 |
_a113पृ0 _ccm. |
||
| 650 | _a बौद्ध धर्म | ||
| 650 | _aधर्म | ||
| 942 |
_hQ4, 152Q9 _cTEXL _2CC |
||
| 999 |
_c297750 _d297750 |
||